1433 1910 1148 1421 1950 1145 1900 1658 1553 1260 1818 1037 1576 1639 1303 1218 1944 1474 1492 1572 1907 1379 1798 1613 1973 1661 1209 1160 1506 1344 1013 1546 1690 1048 1917 1624 1337 1629 1038 1486 1114 1801 1846 1110 1760 1161 1016 1731 1727 1889 1400 1466 1515 1873 1337 1565 1507 1775 1327 1704 1339 1862 1572 1062 1371 1943 1463 1508 1504 1533 1740 1291 1464 1599 1951 1879 1168 1645 1332 1039 1659 1473 1391 1101 1362 1736 1732 1349 1093 1987 1252 1334 1606 1160 1687 1641 1181 1468 1096 BCNSPRNW ULIB Ver.6.0+V

เปลี่ยนเป็นภาษาไทย

Change to English
 แสดงรายละเอียดบรรณานุกรม
  กลับหน้าหลัก

Brief Record : Get Marc (ISO 2709) : E-mail record : QR code < ปิดหน้าต่าง
LEADER : 00000nam 2200000uu 4500
001    13399108824
003     ULIB
008    110315s2552||||th 000 0 tha d
020    9786167287027
060 04 W84^bช576ค
245 00 คู่มือทักษะการสื่อสารสำหรับพยาบาลและนักเรียนพยาบาล /^cบรรณาธิการ ชิษณุ พันธุ์เจริญ, จรุงจิตร์ งามไพบูลย์
246 34 คู่มือทักษะการสื่อสารสำหรับพยาบาลและนักเรียนพยาบาล :^bฉบับพกพา
250    พิมพ์ครั้งที่ 2
260    กรุงเทพฯ :^bศูนย์ฝึกอบรมทักษะการสื่อสาร ฝ่ายกุมารเวชศาสตร์โรงพยาบาลจุฬาลงกรณ์,^c2556
300    208 หน้า :^bภาพประกอบ ;^c19 ซม.
650  7 การสื่อสารทางการพยาบาล^vคู่มือ
700 0  ชิษณุ พันธุ์เจริญ,^eบรรณาธิการ
700 0  จรุงจิตร์ งามไพบูลย์,^eบรรณาธิการ
710 2  โรงพยาบาลจุฬาลงกรณ์. ^bฝ่ายกุมารเวชศาสตร์.^bศูนย์ฝึกอบรมทักษะการสื่อสาร
945    ^p90^l0^i029451
945    ^p90^l0^i029449
945    ^p90^l0^i029448
945    ^p90^l0^i029447
945    ^p90^l0^i029446
945    ^p90^l0^i027259
945    ^p90^l0^i029450
945    ^p90^l0^i029445
945    ^p90^l0^i039756
945    ^p90^l0^i039757
995    ทศพร
999 ^a ใช้งานได้ทุกระบบ
รายการนี้ยังไม่มีแท็ก
คุณยังไม่ได้ล็อกอิน คุณสามารถมีกิจกรรมร่วมกับเว็บไซต์ได้ แต่ต้องล็อกอินก่อน ::
  ล็อกอิน

รายการสื่อสารสนเทศ

ลำดับที่ ประเภท เลขเรียก/บาร์โค้ด สถานที่ สถานะ
1. วิทยาศาสตร์การแพทย์ และสุขภาพ
วิทยาศาสตร์การแพทย์ และสุขภาพ
W84 ช576ค ฉ.10 
  Barcode: 039757
ห้องสมุดวิทยาเขตสวรรค์ประชารักษ์
►ส่วนจัดเก็บหนังสือเก่า สปร
บนชั้น
  ขอยืม
2. วิทยาศาสตร์การแพทย์ และสุขภาพ
วิทยาศาสตร์การแพทย์ และสุขภาพ
W84 ช576ค ฉ.9 
  Barcode: 039756
ห้องสมุดวิทยาเขตสวรรค์ประชารักษ์
►ส่วนจัดเก็บหนังสือเก่า สปร
บนชั้น
  ขอยืม

BibComment


ยังไม่เคยถูกคอมเมนท์

คอมเมนท์ทรัพยากรรายการนี้
  คอมเมนท์: คู่มือทักษะการสื่..


 Copyright 2026. Bcnsprnw @Library